Vedecko-technologické múzeum - zóna Rožňavská / Vajnorská

Enregistré dans:
Détails bibliographiques
Auteur principal: Lichtmanová, Barbora (Auteur)
Autres auteurs: Polakovič, Štefan (Directeur de thèse)
Format: Manuscrit Livre
Langue:slovaque
Publié: Bratislava 2018
Sujets:
Accès en ligne:http://is.stuba.sk/zp/portal_zp.pl?podrobnosti=136890
Tags: Ajouter un tag
Pas de tags, Soyez le premier à ajouter un tag!

MARC

LEADER 00000ntm a22000003a 4500
001 stuzp68716
003 SK-STU
005 20210112133514.3
007 ta
008 150427s2015----xo-----f-mn---000-0-slo-d
040 |a STU  |b slo 
041 0 |a slo 
100 1 |a Lichtmanová, Barbora  |u 058180  |4 aut  |U FAD Fakulta architektúry  |T FA Ústav architektúry občianskych budov  |X 69954  |U A8180  |Y 399  |7 69954 
242 0 1 |a Science Technology museum - Rožňavská / Vajnorská  |y eng 
245 1 0 |a Vedecko-technologické múzeum - zóna Rožňavská / Vajnorská 
260 |c 2018  |a Bratislava 
650 4 |a industriál  |2 slo 
650 4 |a múzeum  |2 slo 
650 4 |a lomenica  |2 slo 
650 4 |a industrial  |2 eng 
650 4 |a museum  |2 eng 
650 4 |a concrete shell  |2 eng 
700 1 |a Polakovič, Štefan  |u 058180  |k Z2  |4 ths  |U FAD Fakulta architektúry  |T FA Ústav architektúry občianskych budov  |X 70902  |U A8180  |Y 399  |7 A000070902 
856 4 |u http://is.stuba.sk/zp/portal_zp.pl?podrobnosti=136890  |u https://opac.crzp.sk/?fn=detailBiblioForm&sid=EEE57057A47611A7EA78CC4E9AC3